LEADER 01585nam 22004813 450 001 9911072227003321 005 20260225080347.0 010 $a1-394-16942-6 010 $a1-394-16940-X 035 $a(MiAaPQ)EBC32556592 035 $a(Au-PeEL)EBL32556592 035 $a(CKB)45408930700041 035 $a(OCoLC)1574487569 035 $a(EXLCZ)9945408930700041 100 $a20260225d2025 uy 0 101 0 $aeng 135 $aurcnu|||||||| 181 $ctxt$2rdacontent 182 $cc$2rdamedia 183 $acr$2rdacarrier 200 14$aThe Handbook of Journalism and Emotion 205 $a1st ed. 210 1$aNewark :$cJohn Wiley & Sons, Incorporated,$d2025. 210 4$d©2026. 215 $a1 online resource (523 pages) 225 1 $aGlobal Handbooks in Media and Communication Research Series 311 08$a1-394-16938-8 311 08$a1-394-16939-6 330 $aA groundbreaking global exploration of how emotions shape journalism Emotion is no longer peripheral to journalism--it is central to how news is made, shared, and experienced. 410 0$aGlobal Handbooks in Media and Communication Research Series 606 $aJournalism$7Generated by AI 606 $aEmotions on television$7Generated by AI 615 0$aJournalism 615 0$aEmotions on television 676 $a070.19 700 $aSoto-Sanfiel$b Marķa T$01898834 801 0$bMiAaPQ 801 1$bMiAaPQ 801 2$bMiAaPQ 906 $aBOOK 912 $a9911072227003321 996 $aThe Handbook of Journalism and Emotion$94557356 997 $aUNINA